| 000 | 01116cam a2200325 i 4500 | ||
|---|---|---|---|
| 001 | 18544007 | ||
| 003 | EG-ScBUE | ||
| 005 | 20230402101220.0 | ||
| 008 | 150327s2016 nyua f d 001 0 eng d | ||
| 020 | _a9780415743501 | ||
| 040 |
_aDLC _beng _erda _cDLC _dEG-ScBUE |
||
| 082 | 0 | 4 |
_a791.450232 _222 _bUTT |
| 100 | 1 |
_aUtterback, Andrew Hicks, _eauthor. |
|
| 245 | 1 | 0 |
_aStudio television production and directing : _bconcepts, equipment, and procedures / _cAndrew Utterback. |
| 250 | _aSecond edition. | ||
| 264 | 1 |
_aNew York ; _aOxon : _bFocal Press / Taylor & Francis Group, _c2016. |
|
| 300 |
_axiv, 199 pages : _billustrations ; _c23 cm |
||
| 336 |
_2rdacontent _atext _btxt |
||
| 337 |
_2rdamedia _aunmediated _bn |
||
| 338 |
_2rdacarrier _avolume _bnc |
||
| 500 | _aIncludes index. | ||
| 500 | _aIncludes glossary. | ||
| 500 | _aIncludes appendix. | ||
| 650 | 7 |
_aTelevision _xProduction and direction. _2BUEsh _939028 |
|
| 650 | 7 |
_aTelevision broadcasting _xTechnological innovations. _2BUEsh _937858 |
|
| 651 | _2BUEsh | ||
| 653 |
_bCOMAME _cNovember2016 |
||
| 655 | _vReading book | ||
| 942 |
_2ddc _cBB |
||
| 999 |
_c23152 _d23124 |
||